The HR diagram (Record no. 6076)

MARC details
000 -LEADER
fixed length control field 00717nam a2200217Ia 4500
003 - CONTROL NUMBER IDENTIFIER
control field IN-BaIIA
008 - FIXED-LENGTH DATA ELEMENTS--GENERAL INFORMATION
fixed length control field 211028s9999 xx 000 0 eng d
020 ## - INTERNATIONAL STANDARD BOOK NUMBER
International Standard Book Number 90-277-0905-X
040 ## - CATALOGING SOURCE
Transcribing agency IIA Library
080 ## - UNIVERSAL DECIMAL CLASSIFICATION NUMBER
Universal Decimal Classification number 082.2:52
Item number IAU-S80
245 #4 - TITLE STATEMENT
Title The HR diagram
Remainder of title the 100th anniversary of Henry Norris Russel
Statement of responsibility, etc. edited by A. G. Davis Philip and Henry Norris Russell
260 ## - PUBLICATION, DISTRIBUTION, ETC.
Place of publication, distribution, etc. Dordrecht
Name of publisher, distributor, etc. D. Reidel Publishing
Date of publication, distribution, etc. 1978
300 ## - PHYSICAL DESCRIPTION
Extent xxvi, 474p.
650 ## - SUBJECT ADDED ENTRY--TOPICAL TERM
Topical term or geographic name entry element Astronomy and Astrophysics Thesaurus
650 ## - SUBJECT ADDED ENTRY--TOPICAL TERM
Topical term or geographic name entry element Henry Norris Russel
9 (RLIN) 10532
650 ## - SUBJECT ADDED ENTRY--TOPICAL TERM
Topical term or geographic name entry element Hertzsprung Russell diagram
9 (RLIN) 8247
650 ## - SUBJECT ADDED ENTRY--TOPICAL TERM
Topical term or geographic name entry element Spectra
9 (RLIN) 1735
700 ## - ADDED ENTRY--PERSONAL NAME
Personal name Hayes, D. S., ed.
9 (RLIN) 10533
700 ## - ADDED ENTRY--PERSONAL NAME
Personal name Philip, Davis A. G., ed.
9 (RLIN) 10534
942 ## - ADDED ENTRY ELEMENTS (KOHA)
Koha item type Books
Holdings
Withdrawn status Lost status Damaged status Not for loan Home library Current library Shelving location Date acquired Total Checkouts Full call number Barcode Date last seen Price effective from Koha item type
        IIA Library-Bangalore IIA Library-Bangalore General Stacks 30/11/1978   082.2:52/ IAU-S80 6784 05/11/2021 30/11/1978 Books

Powered by Koha